El Retablo de San Jorge y el convento y la iglesia de San Francisco : Hospital de Vilafranca del Panades [i.e. Penedès] Hospital de Vilafranca del Panades [i.e. Penedès]
Descripción Física:
[31] p. ; 18 cm
MARC
| LEADER | 00000nam a2200000Ia 4500 | ||
|---|---|---|---|
| 001 | 16439 | ||
| 008 | 160829s9999 xx 000 0 cat d | ||
| 080 | |a FU-43-32 | ||
| 245 | |a El Retablo de San Jorge y el convento y la iglesia de San Francisco : |b Hospital de Vilafranca del Panades [i.e. Penedès] | ||
| 260 | |a [Barcelona : |b Artes gráficas Vilafranca], DL 1959 | ||
| 300 | |a [31] p. ; |c 18 cm | ||
| 590 | |a A la part superior de la portada: El tesoro artístico de Vilafranca. | ||
| 590 | |a Prové de R-571, exp. 97 | ||
| 650 | |a Retaules |x Vilafranca del Penedès |9 47895 | ||
| 650 | |a Església de Sant Francesc (Vilafranca del Penedès) |9 47896 | ||
| 901 | |a Arxiu | ||
| 942 | |n 1 | ||
| 952 | |0 0 |1 0 |4 0 |6 FU4332 |7 1 |9 54182 |a Arxiu |b Arxiu |d 2016-12-01 |l 0 |o FU-43-32 |p 16439 |r 2016-12-01 00:00:00 |w 2016-12-01 |y ARXIU | ||
| 999 | |c 58051 |d 58051 | ||